Product design in the sustainable era / (Record no. 607798)

000 -LEADER
fixed length control field 01620cam a22004337a 4500
001 - CONTROL NUMBER
control field 16321276
003 - CONTROL NUMBER IDENTIFIER
control field OSt
005 - DATE AND TIME OF LATEST TRANSACTION
control field 20240216091408.0
008 - FIXED-LENGTH DATA ELEMENTS--GENERAL INFORMATION
fixed length control field 100604s2010 gw a b 001 0 eng
010 ## - LIBRARY OF CONGRESS CONTROL NUMBER
LC control number 2010450362
015 ## - NATIONAL BIBLIOGRAPHY NUMBER
National bibliography number GBA9C6152
Source bnb
016 7# - NATIONAL BIBLIOGRAPHIC AGENCY CONTROL NUMBER
Record control number 015449172
Source Uk
020 ## - INTERNATIONAL STANDARD BOOK NUMBER
International Standard Book Number 9783836520935 (pbk.)
020 ## - INTERNATIONAL STANDARD BOOK NUMBER
International Standard Book Number 3836520931 (pbk.)
035 ## - SYSTEM CONTROL NUMBER
System control number (OCoLC)ocn489637602
040 ## - CATALOGING SOURCE
Original cataloging agency UKM
Transcribing agency UKM
Modifying agency YDXCP
-- OHX
-- CPL
-- NYP
-- DLC
041 0# - LANGUAGE CODE
Language code of text/sound track or separate title eng
-- fre
-- ger
042 ## - AUTHENTICATION CODE
Authentication code lccopycat
050 00 - LIBRARY OF CONGRESS CALL NUMBER
Classification number TS171.4
Item number .R45 2010
082 04 - DEWEY DECIMAL CLASSIFICATION NUMBER
Classification number 745.4
Edition number 22
Author Mark REI
100 1# - MAIN ENTRY--PERSONAL NAME
Personal name Reis, Dalcacio.
9 (RLIN) 120605
245 10 - TITLE STATEMENT
Title Product design in the sustainable era /
Statement of responsibility, etc. Dalcacio Reis ; ed., Julius Wiedemann.
246 1# - VARYING FORM OF TITLE
Display text Parallel title on cover:
Title proper/short title Design de produits à l'ère du développement durable
246 1# - VARYING FORM OF TITLE
Display text Parallel title on cover:
Title proper/short title Produktdesign im Zeitalter der Nachhaltigkeit
260 ## - PUBLICATION, DISTRIBUTION, ETC.
Place of publication, distribution, etc. Köln :
Name of publisher, distributor, etc. Taschen,
Date of publication, distribution, etc. c2010.
300 ## - PHYSICAL DESCRIPTION
Extent 439 p. :
Other physical details col. ill. ;
Dimensions 26 cm.
500 ## - GENERAL NOTE
General note "English revision, Chris Allen"--Colophon.
504 ## - BIBLIOGRAPHY, ETC. NOTE
Bibliography, etc. note Includes bibliographical references and index.
546 ## - LANGUAGE NOTE
Language note Text in English, French, and German.
650 #0 - SUBJECT ADDED ENTRY--TOPICAL TERM
Topical term or geographic name entry element Industrial design
General subdivision Environmental aspects.
9 (RLIN) 32638
650 #0 - SUBJECT ADDED ENTRY--TOPICAL TERM
Topical term or geographic name entry element Sustainable design.
9 (RLIN) 25896
650 #0 - SUBJECT ADDED ENTRY--TOPICAL TERM
Topical term or geographic name entry element Commercial products
General subdivision Environmental aspects.
9 (RLIN) 120606
650 #0 - SUBJECT ADDED ENTRY--TOPICAL TERM
Topical term or geographic name entry element Product design.
9 (RLIN) 9322
700 1# - ADDED ENTRY--PERSONAL NAME
Personal name Wiedemann, Julius.
9 (RLIN) 120607
906 ## - LOCAL DATA ELEMENT F, LDF (RLIN)
a 7
b cbc
c copycat
d 2
e ncip
f 20
g y-gencatlg
942 ## - ADDED ENTRY ELEMENTS (KOHA)
Source of classification or shelving scheme
Koha item type Book
Institution code [OBSOLETE] SADA
Call number prefix 745.4 REI 2010
Holdings
Withdrawn status Lost status Source of classification or shelving scheme Damaged status Not for loan Permanent Location Current Location Date acquired Source of acquisition Total Checkouts Full call number Barcode Date last seen Date last checked out Cost, replacement price Price effective from Koha item type
          School of Art Design and Architecture (SADA) School of Art Design and Architecture (SADA) 05/16/2017 Progressive Internal. 1 745.4 REI 2010 SADA0002719 11/11/2024 10/23/2024 4475.84 02/16/2024 Book
© 2023 Central Library, National University of Sciences and Technology. All Rights Reserved.